| 000 | 00679nam a2200133Ia 4500 | ||
|---|---|---|---|
| 008 | 171212s9999 xx 000 0 und d | ||
| 020 | _a9781760460990 | ||
| 100 | _aZoellner, Don | ||
| 245 |
_cZoellner, Don _aVocational Education and Training _bThe Northern Territory’s history of public philanthropy |
||
| 260 |
_bANU E Press _c2017 |
||
| 650 | _aEducation | ||
| 650 | _aVocational education -- Government policy -- Northern Territory; Vocational education -- Northern Territory -- History; Occupational training -- Government policy -- Northern Territory; Occupational training -- Northern Territory -- History; Aboriginal Au | ||
| 856 | _uhttp://jstor.org/stable/j.ctt1pwtd3q | ||
| 999 |
_c351413 _d351413 |
||